00641nam a2200193Ia 4500003000400000005001700004008004100021020002400062040001700086082002100103100003600124245008300160260003100243300001300274650002500287942000900312952011100321999001500432IIN20240205154637.0231217s9999 xx 000 0 und d a9789386006998 (pbk) aIINbEnglish a150.2461073bRAJ1 aRaj , D. Elakkuvannan Bhaskara 1 aDebr's Psychology : bfor Nurses B.Sc Nursing /cD. Elakkuvannan Bhaskara Raj  aBangalore :bEMMESS,c2019 ax, 284p.1 aPsychology vNursing cBOOK 001040708Gift BookaIINbIINd2023-12-17l0o150.2461073/RAJpD6r2023-12-17 21:32:41w2023-12-17yBOOK c1632d1632